| 000 | 00662nam a2200241Ka 4500 | ||
|---|---|---|---|
| 008 | |||
| 020 | _a85901398-7-5 (hbk.) | ||
| 049 | _aMAIN | ||
| 090 |
_aPR6053.H537 _bRAB |
||
| 100 | 1 | _aRabolu, V. M. | |
| 245 | 1 | 4 |
_aHercolubus or red planet / _cV. M. Rabolu. |
| 260 |
_aAlemanha : _bVolkenborn Verlag, _c2003. |
||
| 300 |
_a54 p. : _bill. ; _c18 cm. |
||
| 650 | _aRed planet. | ||
| 650 | _aAstronauts. | ||
| 650 | _aMotion picture plays. | ||
| 650 | _aScience fiction. | ||
| 907 |
_a.b10363105 _b06-10-15 _c06-10-15 |
||
| 003 | |||
| 005 | 20230123122154.0 | ||
| 040 | _cNUST | ||
| 942 |
_cBOOKS _kPR6053.H537 _mRAB |
||
| 999 |
_c129044 _d129044 |
||